| 000 | 00773nam a2200205 a 4500 | ||
|---|---|---|---|
| 005 | 20140414132104.0 | ||
| 008 | 100722s19uu xx 00 eng d | ||
| 020 | _a9781595665720 | ||
| 050 |
_aM 577.09 _bP37 2008 |
||
| 100 | _aParker, Steve | ||
| 245 | _aPolar regions. | ||
| 260 |
_aLaguna Hills, CA : _bQEB pub, _c2008. |
||
| 300 | _a32 p. : col. ill., maps (some | ||
| 440 | _aQEB planet Earth | ||
| 500 | _aIncludes index. "Discover life in the coldest places"--Cover. | ||
| 520 | _a"Describes the land and ocean habitats of the polar regions, and how animals adapt to living in these cold ecosystems"--Provided by publisher. | ||
| 650 | _aEcology --Polar regions --Juvenile literature. | ||
| 650 | _aPolar regions --Juvenile literature. | ||
| 999 |
_c114537 _d114537 |
||